000 00795cab a2200217 4500
001 WB3219-02
008 090401t1996 xxu||||| |||| 00| 0 eng d
035 _a(Sirsi) u1494
041 _aeng
245 _aBenchmarking is good news
260 _c1996
350 _a0
490 _aConstruction Sponsorship Directorate News Release
_v(199) 13 May 1996 (3)
520 _aBenchmarking is a powerful tool helping companies achieve better results by comparing performance in key activities and implementing best practice according to the Construction Minister at the launch of a benchmarking information pack for the industry.
650 _aBENCHMARKING
650 _aCONSTRUCTION INDUSTRY
650 _aQUALITY ASSURANCE
690 _aBUILT ENVIRONMENT
942 _n0
948 _c04/03/1997
999 _c835
_d835